Loading...
| Fine Arts - Classical Music | 7 | 20.00 | 100% | 86% | 14% |
| Fine Arts - Other | 6 | 18.33 | 100% | 50% | 33% |
| Fine Arts - Painting and Sculpture | 5 | 18.00 | 100% | 60% | 20% |
| Geography | 3 | 13.33 | 100% | 33% | 0% |
| History - American | 5 | 16.00 | 160% | 60% | 0% |
| History - Ancient/Other | 3 | 10.00 | 100% | 0% | 0% |
| History - European | 5 | 14.00 | 100% | 40% | 0% |
| History - Other | 1 | 20.00 | 100% | 100% | 0% |
| History - World | 6 | 15.00 | 67% | 67% | 17% |
| Literature - American | 5 | 16.00 | 100% | 40% | 20% |
| Literature - British | 2 | 20.00 | 100% | 50% | 50% |
| Literature - European | 5 | 20.00 | 100% | 80% | 20% |
| Literature - World | 3 | 20.00 | 100% | 100% | 0% |
| Mythology | 3 | 13.33 | 100% | 33% | 0% |
| Philosophy | 5 | 26.00 | 100% | 100% | 60% |
| Religion | 3 | 16.67 | 100% | 67% | 0% |
| Science - Biology | 5 | 16.00 | 100% | 40% | 20% |
| Science - Chemistry | 4 | 12.50 | 100% | 25% | 0% |
| Science - Other | 3 | 16.67 | 100% | 33% | 33% |
| Science - Physics | 5 | 20.00 | 100% | 60% | 40% |
| Social Science | 3 | 16.67 | 100% | 0% | 67% |